000 00974nam0a2200289 4500
001 RU\NLR\BIBL_A\022573489
005 20250806205641.0
035 _a(NLR Aleph) 022573489
090 _a88522
_c88522
100 _a20250625d1941 u y0rusy50 ca
101 0 _aarm
102 _aAM
105 _aa z 000 y
181 0 _ai
_baxxe
182 0 _an
200 1 _aԱրջն ու օձը
_fԱվ. Իսահակյան
203 _aТекст
_bвизуальный
_cнепосредственный
210 _aԵրեվան
_cՀայպետհրատ
_d1941
215 _a[5] с.
_d21
541 1 _6z01790
_aМедведь и змея
_zrus
700 1 _aԻսահակյան
_bԱվ.
_4070
790 1 _6z01541
_aИсаакян
_f1875-1957
_gАветик (Саакович)
_4070
942 _cBOOK
945 _aРоссийская национальная библиотека
_aНациональная библиотека Армении
980 _aNB
980 _aBV